Sentencia en el pleito criminal en contra del licenciado don Martin José de Lanuza caballero de la orden de Santiago

Detalles Bibliográficos
Otros Autores: Martin Joeph de Lanuza
Formato: Libro
Publicado: Granada, 1672
Materias:
Colección:Banco de datos
Acervo:Biblioteca Palafoxiana. Colección de Manuscritos
Descripción Física:10 f. ; 22.7 x 29.7 cm.
Tema general:Eclesiástica
LEADER 00469nam a22001450004500
035 |a 375 
245 1 0 |a Sentencia en el pleito criminal en contra del licenciado don Martin José de Lanuza caballero de la orden de Santiago 
260 |a Granada, 1672 
300 |a 10 f. ; 22.7 x 29.7 cm. 
650 1 0 |a Eclesiástica 
700 1 |a Martin Joeph de Lanuza 
949 |a 19345/001 
942 |c PALAMANU 
943 |g Biblioteca Palafoxiana. Colección de Manuscritos 
999 |c 1068320  |d 1068320